000 00341nam a2200133 a 4500
005 20140414131914.0
008 100902s19uu xx 00 eng d
020 _a0590454366
050 _aFIC
_bM45 1981
100 _aMcDaniel, Lurlene
245 _aA horse for Mandy.
260 _aPlain City, OH :
_bDarby Creek,
_c1981.
999 _c111387
_d111387